000 00254nam a2200121 i 4500
001 bg
245 0 _aW kraju Indiry Gandhi.
260 _aWarszawa,
_c1977.
040 _cBPK
041 _apol
942 _cKS
008 s pl f |000 0 pol
999 _c17699
_d17699
856 _uhttp://koha.tu.koszalin.pl/cgi-bin/koha/opac-detail.pl?biblionumber=17699
_yKatalog online BPK